Estatutos del Ateneo Sabadellés, aprobados por la autoridad superior civil de la provincia
Descripción Física:
16 p. ; 21'5 cm
Materias:
Ateneu Sabadellenc -- Estatuts
MARC
| LEADER | 00000nam a2200000Ia 4500 | ||
|---|---|---|---|
| 001 | 11646 | ||
| 003 | BGR | ||
| 005 | 20260324180145.0 | ||
| 008 | 160829s1881 xx 000 0 cat d | ||
| 080 | |a 2365 | ||
| 110 | 2 | |a Ateneu Sabadellenc |9 70557 | |
| 245 | |a Estatutos del Ateneo Sabadellés, aprobados por la autoridad superior civil de la provincia | ||
| 260 | |a Sabadell : |b (Imp. de Juan Baqués e Hijos), |c 1881 | ||
| 300 | |a 16 p. ; |c 21'5 cm | ||
| 650 | |a Ateneu Sabadellenc |x Estatuts |9 48072 | ||
| 901 | |a Arxiu | ||
| 942 | |n 1 |2 udc |c MON | ||
| 952 | |0 0 |1 0 |4 0 |6 2365 |7 1 |9 54304 |a Arxiu |b Arxiu |d 2016-12-01 |l 0 |o 2365 |p 11646 |r 2016-12-01 00:00:00 |w 2016-12-01 |y ARXIU | ||
| 999 | |c 58173 |d 58173 | ||